000 00681nam a22001937a 4500
003 OSt
005 20210301070402.0
008 210226s1984 ||||| |||| 00| 0 eng d
040 _aeng
_beng
_cDLC
_deng
041 _aeng
080 _a616.8
_bE-47
100 _91181
_aElsberg, A. Charles
245 _aThis Special Edition of Diagnosis and Treatment of Surgical Diseases of the Spinal Cord and Its Membranes
_b/ by: The Classics of Neurology and Neurosurgery Library
260 _aBirmingham, Alabama
_bThe Classics of Neurology and Neurosurgery Library
_c1984
300 _a330 p.
_bill.
650 0 _9100
_aNeurology
653 _aნევროლოგია
942 _2udc
_cBK
999 _c1804
_d1804